=LDR 00000nam 2200000 4500 =001 001218 =005 20250712121908 =035 ##$$a 0010-0725000704 =007 ta =008 250712################a##########0#ind## =020 ##$$a 978-623-307-959-4 =082 ##$$a 398.209 598 =084 ##$$a 398.209 598 TA s =100 #$$a taksale neha =245 1#$$a siapa namamu? /$c neha taksale =250 ##$$a pertama =260 ##$$a jakarta :$b pusat pengembangan dan pembinaan bahasa,$c 2022 =300 ##$$a 20hlm. : $b ilus. ; $c 22,9cm =650 #4$$a cerita anak indonesia terjemahan =650 #4$$a literasi bahan bacaan